| 000 | 01177cam a2200349 a 4500 | ||
|---|---|---|---|
| 942 | _cBK | ||
| 999 |
_c341 _d341 |
||
| 001 | 16910802 | ||
| 003 | OSt | ||
| 005 | 20250420134806.0 | ||
| 008 | 110809s2012 njua b 001 0 eng | ||
| 010 | _a 2011033196 | ||
| 016 | 7 |
_a015864610 _2Uk |
|
| 020 | _a9780470631553 | ||
| 035 | _a(OCoLC)ocn714728044 | ||
| 040 |
_aDLC _cKCST _dKCST _beng |
||
| 042 | _apcc | ||
| 050 | 0 | 0 |
_aTK7876 _b.P69 2012 |
| 082 | 0 | 0 |
_a621.3813 _223 _bPo Mi |
| 100 | 1 |
_aPozar, David M. _91196 |
|
| 245 | 1 | 0 |
_aMicrowave engineering / _cDavid M. Pozar. |
| 250 | _a4th ed. | ||
| 260 |
_aHoboken, NJ : _bWiley, _c2012. |
||
| 300 |
_axvii, 732 p. : _bill. ; _c26 cm. |
||
| 504 | _aIncludes bibliographical references and index. | ||
| 650 | 0 |
_aMicrowaves. _91197 |
|
| 650 | 0 |
_aMicrowave devices. _91198 |
|
| 650 | 0 |
_aMicrowave circuits. _91199 |
|
| 856 | 4 | 2 |
_3Publisher description _uhttp://www.loc.gov/catdir/enhancements/fy1210/2011033196-d.html |
| 856 | 4 | 1 |
_3Table of contents only _uhttp://www.loc.gov/catdir/enhancements/fy1210/2011033196-t.html |
| 856 | 4 | 2 |
_3Contributor biographical information _uhttp://www.loc.gov/catdir/enhancements/fy1506/2011033196-b.html |
| 942 | _2ddc | ||